Managing multimedia : project management for web and convergent media books-2 technical issues (Record no. 172372)

MARC details
000 -LEADER
fixed length control field 00533nam a2200157Ia 4500
008 - FIXED-LENGTH DATA ELEMENTS--GENERAL INFORMATION
fixed length control field 231217s9999 xx 000 0 und d
041 ## - LANGUAGE CODE
Language code of text/sound track or separate title English
082 ## - DEWEY DECIMAL CLASSIFICATION NUMBER
Classification number 001.6443 ENG.2;1 R
100 ## - MAIN ENTRY--PERSONAL NAME
Personal name England, Elaine Finney, Andy
245 #0 - TITLE STATEMENT
Title Managing multimedia : project management for web and convergent media books-2 technical issues
250 ## - EDITION STATEMENT
Edition statement 3rd ed
260 ## - PUBLICATION, DISTRIBUTION, ETC.
Date of publication, distribution, etc. 2002
Name of publisher, distributor, etc. Addison-Wesley
Place of publication, distribution, etc. Milan
300 ## - PHYSICAL DESCRIPTION
Extent xiv+228
650 ## - SUBJECT ADDED ENTRY--TOPICAL TERM
Topical term or geographic name entry element Managing,multimedia,:,project,management,web,convergent,media,books-2,technical
942 ## - ADDED ENTRY ELEMENTS (KOHA)
Koha item type Books
Holdings
Date last seen Total checkouts Full call number Accession number Cost, total (INR) price Price effective from Category Lost status Damaged status Department Withdrawn status Home library Current library Shelving location Entry date Vendor Cost, normal purchase price Grants Billnumber Billdate Currency symbol Conversion rate Discount Old discount
26/01/2024   001.6443 ENG.2;1 R 28318 1878.74 26/01/2024 Books     Central Library   Central Library Central Library Central Library 22/05/2004 I K International 53.99 IS 200 18/03/2006 USD 46.4 13.5 25

© For any Suggestions or Query, please contact the library staff @ librarian@pes.edu or Phone: +9180 2672 1983/ 2108.